| Tag |
First Indicator |
Second Indicator |
Subfields |
| LEADER |
00000nam a2200000 i 4500 |
| 001 |
in00005503821 |
| 006 |
m o d |
| 007 |
cr |n||||||||n |
| 008 |
210416s2003||||nyu|||||o|||||||||||eng|| |
| 005 |
20241008175851.0 |
| 010 |
|
|
|z 2003269368
|
| 020 |
|
|
|a 0071395954 (print-ISBN)
|
| 020 |
|
|
|a 0071449914
|
| 020 |
|
|
|a 9780071395953
|
| 035 |
|
|
|a (OCoLC)560407409
|
| 035 |
|
|
|a (IN-ChSCO)ccn00214098
|
| 040 |
|
|
|a IN-ChSCO
|b eng
|e rda
|
| 041 |
0 |
|
|a eng
|
| 050 |
|
4 |
|a TK1005
|
| 082 |
0 |
4 |
|a 621.319
|2 22
|
| 100 |
1 |
|
|a King, Alexander C.,
|e author.
|
| 245 |
1 |
0 |
|a Uninterruptible power supplies and standby power systems /
|c Alexander C. King, William Knight.
|
| 250 |
|
|
|a First edition.
|
| 264 |
|
1 |
|a New York, N.Y. :
|b McGraw-Hill Education,
|c [2003]
|
| 264 |
|
4 |
|c 2003
|
| 300 |
|
|
|a 1 online resource (x, 262 pages) :
|b illustrations.
|
| 336 |
|
|
|a text
|b txt
|2 rdacontent
|
| 337 |
|
|
|a computer
|b c
|2 rdamedia
|
| 338 |
|
|
|a online resource
|b cr
|2 rdacarrier
|
| 490 |
1 |
|
|a McGraw-Hill's AccessEngineering
|
| 500 |
|
|
|a Print version c2003.
|
| 504 |
|
|
|a Includes bibliographical references and index.
|
| 505 |
0 |
|
|a Standby and Power Generating Sets -- Introduction -- The Generating Set and Its Supporting Systems -- The Power Rating Classification of Diesel Engine Driven Generating Sets -- The Power Unit -- Alternating Current Generators -- Voltage Regulators -- Speed Governors -- Voltage and Frequency Performance Classes for Diesel Engine-Driven Sets -- Starting Mechanisms -- Fuel Systems -- Engine Cooling Systems -- Engine Room Ventilation -- Exhaust Systems -- Control Systems -- Remote Control and Monitoring -- Location of Equipment -- Bibliography -- Interconnecting the Standby and Normal Supplies -- Introduction -- Separating the Essential and Nonessential Loads -- Use of Multiple Generating Sets -- Interconnections with the Normal Supply -- The Generator Voltage -- The Electricity Supply Regulations 1988 -- Engineering Recommendation G.59/ -- Earthing the Neutral of the Standby Supply -- Neutral Connections for Single Sets Not Intended to Run in Parallel with the Normal Supply. Neutral Connections for Multiple Sets Not Intended to Run with the Normal Supply -- Paralleling the Standby and Normal Supplies -- Overcurrent Protection of the Standby Supply -- Switchgear -- Bibliography -- Additional Information Relating to the Standby Supply Installation -- Introduction -- Sizing the Engine and Generator -- Reliability and Redundancy -- Routine Test Runs -- Kilowatts, Kilovars, and the Harmonic Components of the Load Current -- Characteristics of Particular Loads -- Vibration -- Noise -- Safe Working Procedures -- Bibliography -- Harmonic Distortion of the Supply -- Acknowledgment -- Nonlinear Loads and Current Distortion -- Harmonics Generated by Bridge Rectifiers -- The Effect of a Bridge Rectifier on a Supply System -- The Effect of Bridge Rectifier Loads on Local Generators -- Reduction of Distortion Due to Rectifier Loads -- Switched Mode Power Supplies -- Bibliography -- Static Uninterruptible Power Supplies -- Definition -- Background -- Basic Design. Subassemblies -- Rectifiers -- Harmonics and Effect on Design -- Inverters -- Types of Loads -- Typical Specification -- Static Switches -- Designs Now Available -- Monitoring -- Bibliography -- Rotary UPS Systems -- Definitions -- Background -- Rotating Transformer Systems -- Generator/Clutch/Machine -- Acknowledgments -- Batteries -- Introduction -- Types of Cell -- Lead Acid -- Nickel-Cadmium Cells -- Comparison of Various Types of Cells -- Future Trends -- Bibliography -- Kinetic Energy as an Alternative Power Source -- Introduction -- Circuit Developments -- Flywheel Type En Vacuo -- Flywheel Type in Helium -- Notes on Systems Installation -- Some System Failures: The Light of Experience! -- Introduction -- Lack of Ventilation -- A Bypassed Radiator -- Lack of Fuel -- Changeover of Supplies Without a Break -- Restoration of Supply to an Inertially Loaded Drive -- Low Transformer Oil Level Due to Low Ambient Temperature -- Inadequate Protection Against Driving Rain -- Unconventional Use of a Harmonic Filter -- An Unstable Power Supply -- An Overenthusiastic Charging Regime -- Loose Intercell Connections on a UPS Battery -- An Unsuccessful Attempt at Cost Reduction -- Empty Sumps -- Lack of Cooling Air -- An Inadequate Supporting Structure -- Index.
|
| 520 |
0 |
|
|a This is an engineering tutorial designed to teach basic UPS (Uninterruptible Power Supplies) design and operation, and covers rotary UPS systems and battery selection. (Midwest).
|
| 530 |
|
|
|a Also available in print edition.
|
| 533 |
|
|
|a Electronic reproduction.
|b New York, N.Y. :
|c McGraw Hill,
|d 2003.
|n Mode of access: World Wide Web.
|n System requirements: Web browser.
|n Access may be restricted to users at subscribing institutions.
|
| 538 |
|
|
|a Mode of access: Internet via World Wide Web.
|
| 545 |
0 |
|
|a Contributor biographical information:
|u http://www.loc.gov/catdir/bios/mh041/2003269368.html
|
| 546 |
|
|
|a In English.
|
| 588 |
|
|
|a Description based on cover image and table of contents, viewed on April 30, 2007.
|
| 650 |
|
0 |
|a Uninterruptible power supply.
|
| 650 |
|
0 |
|a Emergency power supply.
|
| 650 |
|
0 |
|a Harmonics (Electronic waves)
|
| 650 |
|
0 |
|a Batteries.
|
| 650 |
|
0 |
|a Force and energy.
|
| 655 |
|
7 |
|a Electronic books.
|2 local
|
| 700 |
1 |
|
|a Knight, William
|q (William R.)
|
| 710 |
2 |
|
|a McGraw-Hill Companies.
|
| 740 |
0 |
2 |
|a Standby power generating sets.
|
| 740 |
0 |
2 |
|a Interconnecting the standby and normal supplies.
|
| 740 |
0 |
2 |
|a Additional information relating to the standby supply installation.
|
| 740 |
0 |
2 |
|a Harmonic distortion of the supply.
|
| 740 |
0 |
2 |
|a Static uninterruptible power supplies.
|
| 740 |
0 |
2 |
|a Rotay UPS systems.
|
| 740 |
0 |
2 |
|a Batteries.
|
| 740 |
0 |
2 |
|a Kinetic energy as an alternative power source.
|
| 740 |
0 |
2 |
|a Notes on systems installation.
|
| 740 |
0 |
2 |
|a Some system failures : the light of experience!
|
| 776 |
0 |
|
|i Print version:
|t Uninterruptible power supplies and standby power systems.
|b First edition.
|d New York, N.Y. : McGraw-Hill Education, 2003
|w (OCoLC)51567966
|
| 830 |
|
0 |
|a McGraw-Hill's AccessEngineering.
|
| 856 |
4 |
0 |
|u http://proxy.library.tamu.edu/login?url=https://www.accessengineeringlibrary.com/content/book/9780071395953
|z Connect to the full text of this electronic book
|t 0
|
| 949 |
|
|
|a TK 1005
|w LC
|c 1
|i 214098-2001
|d 1/2/2012
|l MAIN
|m MGH
|q 9
|r Y
|s Y
|t WEB
|u 4/30/2007
|x ENG
|
| 997 |
|
|
|a (c)2007 Cassidy Cataloguing Services, Inc.
|
| 999 |
f |
f |
|s 821817dd-6928-4c71-827e-ae6f62f689b7
|i ce737942-f060-409b-9652-5f9d6dc7d03c
|t 0
|
| 952 |
f |
f |
|a Texas A&M University
|b College Station
|c Electronic Resources
|d Available Online
|t 0
|e TK1005
|h Library of Congress classification
|
| 998 |
f |
f |
|a TK1005
|t 0
|l Available Online
|